Statistics for Questions with multiple possible answers

Click here to take the quiz!

General Stats

  • This quiz has been taken 63 times
  • The average score is 6 of 27

Answer Stats

HintAnswer% Correct
George Washington
89%
What is the highest country in the world?China/Nepal
77%
What is the largest city in the world?Tokyo
61%
What is the tallest waterfall?Angel Falls
57%
Mary I
54%
What is the largest lake in the world?Caspian Sea
38%
Shanghai
34%
Lake Superior
32%
Guangzhou
25%
Lake Baikal
25%
Bhutan
23%
Which was the first Pokémon?Bulbasaur
14%
Mount Cook
13%
Lady Jane Grey
9%
Mew
9%
Rhydon
9%
Ecuador
7%
Lesotho
7%
Who was the first queen of England?Matilda
5%
Denmark Strait cataract
4%
Who was the first American president?John Hanson
4%
Mount Menzies
4%
Mount Wilhelm
4%
What is the highest mountain in Oceania?Puncak Jaya
4%
Hulunbuir
2%
Mawson Peak
2%
Mount Kosciuszko
2%

Score Distribution

Percentile by Number Answered

Percent of People with Each Score

Your Score History

You have not taken this quiz